000 00280nam a2200109Ia 4500
008 220216s9999 xx 000 0 und d
100 _aReghu C P
245 0 _aRussian dandiliyan rubber - Ulpennangalum upothpennangalum
260 _bRubber
_c2013
300 _a13-Dec
942 _cBS
999 _c52051
_d52051